000 00800nas a2200277 4500
001 BR2013000249
003 BR-BrBNA
005 20231205121759.0
007 ta
008 230509b bl.|||p| |||| 00| 00por d
040 _aBR-BrBNA
_bpor
_cBiblioteca Nacional de Agricultura
041 _a(Pt)
072 _aP06; E14; P07
100 1 _aCésar, A. da S.
245 1 _aProjetos com palma no norte do Brasil
650 _aCOMBUSTÍVEL
650 _aBIOENERGIA
650 _aPROJETO DE DESENVOLVIMENTO
650 _aPROGRAMA DE PESQUISA
650 _aMATÉRIA PRIMA
650 _aPETRÓLEO
650 _aIMPACTO SOCIAL
773 0 _tAgroanalysis (Brazil)
_xISSN 0100-4298
_g(Jan 2013), v. 33(1) p. 30-31
_wBR2013000249
909 _a202311
_bLúcia
_c55
_dLúcia Elande
942 _2AGRIS
_n0
_cANA
999 _c225217
_d225217